Fytochemikálie účinné v prevencii a terapii metabolického syndrómu

Enregistré dans:
Détails bibliographiques
Auteur principal: Luptáková, Katarína
Format: Livre
Langue:slovaque
Publié: Bratislava STU FCHPT 2011
Accès en ligne:Voir à l'OPAC
Tags: Ajouter un tag
Pas de tags, Soyez le premier à ajouter un tag!

MARC

LEADER 00000nam a2200000 a 4500
005 20260127134059.0
008 110916 2011 xo 000 0 slo d
035 |a vtls010311436 
039 9 |y 201109160939  |z mschk03 
040 |a STUSCHK1  |b slo  |c STUSCHK1  |e AACR2 
100 1 |a Luptáková, Katarína 
245 1 |a Fytochemikálie účinné v prevencii a terapii metabolického syndrómu  |c Katarína Luptáková 
260 |a Bratislava  |b STU FCHPT  |c 2011 
300 |a 44 s.  |b il.  |c 30 cm 
500 |a Obháj.: 14.7. 2011 
500 |a Študijný program: potravinárstvo 
500 |a Študijný odbor: 5.2.24 potravinárstvo 
500 |a Bakalárska práca 
500 |a FCHPT, Oddelenie výživy a hodnotenia potravín 
500 |a Evidenčné číslo: 5453-58762 
910 |a SCHK95 
999 |c 3603  |d 3603